000 00340nam a22001457a 4500
008 210429b ||||| |||| 00| 0 eng d
020 _a9780838934586
041 _aeng
080 _a37
082 _a37
100 _a46
101 _aEDU
245 _aHit List Frequently Challenged Books for Children
_cPistolis,D.R
942 _2udc
_cBK
999 _c56961
_d56961